000 00612nam a2200169 a 4500
008 120416s1999 ||||||||||||||||| || u
020 _a0750641916
050 _aQE 501 War
100 _aWarren, John
245 1 0 _aConservation of earth structures
260 _aOxford:
_bButterworth / Heineman
_c1999
300 _axxiii, 198p. : ill.
350 _a0.00
650 _aBUILDINGS--REPAIR AND RECONSTRUCTION
650 _aEARTH CONSTRUCTION
995 _D0.00
_FCBU-MAIN LIBRARY (Kitwe)
_H1
_I0.00
_M1
_UAVAILABLE
_WMar 15, 2007
_ZAnnex Low-Usage Collection
999 _c38456
_d38456